| 000 | 00729nam a22002057a 4500 | ||
|---|---|---|---|
| 003 | OSt | ||
| 005 | 20220921210012.0 | ||
| 008 | 220921b |||||||| |||| 00| 0 eng d | ||
| 040 | _cBiblioteca Lado V | ||
| 082 |
_a722.33 _bAB136d |
||
| 110 | _aAbdul Hameed Shoman Foundation | ||
| 245 |
_aDarat al Funun/ _bArt Architecture Archaeology/ |
||
| 260 |
_aJordania _bAbdul Hammed Shoman Foundation _c1998 |
||
| 300 |
_a138p. _c24x28cm |
||
| 650 |
_2Tesauro de Arte & Arquitectura _aDARAT AL FUNUN |
||
| 650 |
_2Tesauro de Arte & Arquitectura _aARQUITECTURA |
||
| 650 |
_2Tesauro de Arte & Arquitectura _aARQUEOLOGIA |
||
| 650 |
_2Tesauro de Arte & Arquitectura _aARTE |
||
| 942 |
_2ddc _c1 _h722.33 _iAB136d _n0 |
||
| 999 |
_c2093 _d2093 |
||